000 01146nam a2200277 i 4500
001 bg
245 0 0 _aWielkopolanie wobec integracji Polski z Unią Europejską /
_cred. nauk. Ryszard Cichocki.
260 _aPoznań :
_bWydaw. Naukowe UAM,
_c2003.
300 _a168, [1] s. :
_bil. ;
_c24 cm.
490 1 _aSocjologia / Uniwersytet im. Adama Mickiewicza w Poznaniu,
_x0554-8225 ;
_vnr 36
500 _aStreszcz. ang.
610 2 9 _aUnia Europejska
_xa Polska
_xsocjologia
650 9 _aPostawy
_zPolska
_yod 2001 r.
650 9 _aŚwiadomość społeczna
_zPolska
_yod 2001 r.
651 9 _aWielkopolska
_xa Unia Europejska
700 1 _aCICHOCKI, Ryszard.
_eRed.
830 0 _aSocjologia (Uniwersytet im. Adama Mickiewicza w Poznaniu) ;
_vnr 36
020 _a8323213003
040 _cBPK
041 0 _apol
_beng
080 _a316.334.5:316.64](438)"2001/...":[327.39:316.42](4-67)"2001/..."
920 _a83-232-1300-3
942 _cKS
008 s pl f |000 0 pol
999 _c45018
_d45018
856 _uhttp://koha.tu.koszalin.pl/cgi-bin/koha/opac-detail.pl?biblionumber=45018
_yKatalog online BPK